[Event "Tourn. n9727"]
[Site "www.chess-mail.com"]
[Date "2018.03.22"]
[Round "1"]
[White "Tevere"]
[Black "Osopanda"]
[WhiteElo "2070"]
[BlackElo "1940"]
[Result "1-0"]
[Round "1"]
1.d4 d5
2.c4 e6
3.Nb1c3 c6
4.Ng1f3 Ng8f6
5.e3 Bf8e7
6.Bf1d3 O-O
7.O-O Nb8d7
8.a3 Rf8e8
9.Bc1d2 Nf6e4
10.Nc3xe4 dxe4
11.Bd3xe4 Nd7f6
12.Be4c2 Qd8c7
13.e4 c5
14.e5 Nf6d7
15.Bd2e3 cxd4
16.Qd1xd4 Be7c5
17.Qd4h4 g6
18.Nf3g5 h5
19.Qh4f4 Re8e7
20.Be3xc5 Nd7xc5
21.Qf4f6 b6
22.Ng5xf7 Re7xf7
23.Qf6xg6 Kf8
24.Qg6xh5 Bc8b7
25.Bc2g6 Rf7g7
26.Qh5h8 Rg7g8
27.Qh8f6 { resign }
1-0

[Event "Match"]
[Site "www.echecsemail.com"]
[Date "2018.03.22"]
[Round "1"]
[White "Fangshuo"]
[Black "Jovaras"]
[WhiteElo "2050"]
[BlackElo "1809"]
[Result "0-1"]
[Round "1"]
1.e4 c5
2.Ng1f3 d6
3.Bf1e2 Nb8c6
4.c3 Ng8f6
5.d3 g6
6.Qd1c2 Bf8g7
7.d4 O-O
8.d5 Nc6b8
9.O-O Bc8g4
10.c4 Nb8d7
11.Bc1f4 Nf6h5
12.Bf4d2 Nd7e5
13.Bd2c3 Ne5xf3
14.Be2xf3 Bg4xf3
15.Bc3xg7 Nh5xg7
16.gxf3 e5
17.Nb1c3 Qd8g5
18.Kh1 Qg5f4
19.Qc2d3 f5
20.Nc3e2 Qf4h4
21.Rf1g1 Qh4xf2
22.Rg1g2 Qf2h4
23.Qd3e3 f4
24.Qe3b3 b6
25.Qb3b5 Ng7h5
26.Qb5d7 Rf8d8
27.Qd7e6 Kg7
28.Ra1g1 Qh4f6
29.Qe6h3 Kh8
30.Rg2g5 Nh5g3
31.hxg3 Qf6xg5
32.gxf4 Qg5f6
33.fxe5 dxe5
34.Ne2c1 Rd8f8
35.Rg1g3 Ra8e8
36.Nc1d3 Rf8g8
37.Kg2 g5
38.Qh3d7 Re8e7
39.Qd7c6 Qf6xc6
40.dxc6 h6
41.f4 exf4
42.Rg3h3 Kg7
{ resign }
0-1

[Event "Match"]
[Site "www.echecsemail.com"]
[Date "2018.03.22"]
[Round "1"]
[White "Fegatux"]
[Black "Pellix84"]
[WhiteElo "2290"]
[BlackElo "2110"]
[Result "1-0"]
[Round "1"]
1.e4 c5
2.Nb1c3 Nb8c6
3.f4 e6
4.Bf1c4 Bf8e7
5.Ng1f3 b6
6.O-O Bc8b7
7.d3 Nc6d4
8.Nf3xd4 cxd4
9.Nc3e2 Be7c5
10.Qd1e1 a5
11.Qe1g3 g6
12.f5 Ng8e7
13.fxg6 Ne7xg6
14.Bc1h6 Rh8g8
15.Rf1f2 d5
16.Bc4b5 Ke7
17.Bh6g5 { resign }
1-0

[Event "Match"]
[Site "www.echecsemail.com"]
[Date "2018.03.22"]
[Round "1"]
[White "Bjonil60"]
[Black "Coraza"]
[WhiteElo "1460"]
[BlackElo "1770"]
[Result "0-1"]
[Round "1"]
1.Nb1c3 e5
2.e3 d5
3.d3 Ng8f6
4.Ng1e2 Bf8b4
5.Bc1d2 O-O
6.Nc3b1 Qd8d6
7.c3 Bb4c5
8.d4 exd4
9.exd4 Bc5b6
10.f3 Bc8f5
11.h3 Rf8e8
12.b3 Bf5xb1
13.Qd1xb1 Qd6g3
14.Kd1 Qg3h4
15.g3 Qh4h5
16.g4 Qh5g6
17.g5 Nf6h5
18.Rh1g1 Qg6xb1
19.Ra1xb1 c5
20.a3 Nb8d7
21.c4 cxd4
22.b4 dxc4
23.Ne2g3 Nh5xg3
24.Rg1xg3 Bb6c7
25.f4 c3
26.Bd2e1 Bc7xf4
27.Rg3g4 Bf4e3
28.Kc2 Nd7e5
29.Rg4h4 Ra8d8
30.Rh4e4 Ne5c4
31.Kb3 b5
32.Bf1xc4 Re8xe4
33.Rb1d1 bxc4
34.Kxc4 Be3xg5
35.Be1g3 d3
36.Kxc3 Bg5f6
37.Kb3 Re4e3
38.Bg3f2 Re3xh3
39.Bf2xa7 d2
40.Ka4 Rh3c3
41.b5 Rc3c1
42.Rd1xc1 dxc1Q
43.Ba7b6 Rd8a8
44.Kb3 Ra8xa3
45.Kb4 Qc1c3

0-1

[Event "Match"]
[Site "www.echecsemail.com"]
[Date "2018.03.22"]
[Round "1"]
[White "Llord"]
[Black "Gambitmiau"]
[WhiteElo "1960"]
[BlackElo "1930"]
[Result "1-0"]
[Round "1"]
1.e4 Nb8c6
2.Ng1f3 d5
3.exd5 Qd8xd5
4.Nb1c3 Qd5e6
5.Bf1e2 Bc8d7
6.O-O O-O-O
7.d4 f5
8.b3 Ng8f6
9.Bc1f4 Qe6f7
10.Nf3g5 Qf7g6
11.Nc3b5 Nf6d5
12.Bf4d2 h5
13.Be2c4 e6
14.Qd1f3 Bf8e7
15.h4 a6
16.Nb5c3 Nc6xd4
17.Qf3d3 Nd5f4
18.Bd2xf4 b5
19.Qd3xd4 bxc4
20.Qd4a7 Bd7c6
21.Qa7xc7 
1-0

[Event "1/16 Finale"]
[Site "www.chess-mail.com"]
[Date "2018.03.22"]
[Round "1"]
[White "Pdebonis"]
[Black "Gvladutz"]
[WhiteElo "2700"]
[BlackElo "2560"]
[Result "1/2-1/2"]
[Round "1"]
1.e4 e5
2.Ng1f3 Nb8c6
3.Bf1b5 a6
4.Bb5xc6 dxc6
5.O-O Qd8d6
6.Nb1a3 Bc8e6
7.Qd1e2 Ng8e7
8.Na3c4 Be6xc4
9.Qe2xc4 c5
10.Nf3g5 Qd6f6
11.d3 h6
12.Ng5f3 Ne7c6
13.Bc1e3 b6
14.c3 Qf6e6
15.Qc4xe6 fxe6
16.h4 O-O-O
17.Rf1d1 g6
18.Kf1 Bf8g7
19.a3 a5
20.a4 Rd8d7
21.Ke2 Rh8d8
22.h5 g5
23.Nf3h2 Kb8
24.Nh2g4 Kc8
25.f3 Kb7
26.b3 Rd8f8
27.Kd2 Rf8d8
28.Kc2 Rd8a8
29.Be3g1 Ra8d8
30.Bg1f2 Kc8
31.Bf2g3 Kb8
32.Ng4f2 Kb7
33.Rd1e1 Rd8f8
34.Nf2g4 Rf8d8
35.Ra1d1 Ka8
36.Re1h1 Ka7
37.Ng4e3 Bg7h8
38.Bg3f2 Bh8f6
39.Ne3g4 Bf6g7
40.Rd1d2 Kb7
41.Ng4e3 Kb8
42.Rd2d1 Bg7h8
43.Ne3g4 Bh8g7
44.Bf2e3 Kb7
45.Rh1f1 Rd8e8
46.Be3d2 Re8h8
47.Rf1e1 Rh8f8
48.Ng4e3 Rf8d8
49.Bd2c1 Kb8
50.Ne3g4 Kb7
51.Bc1e3 Rd7e7
52.Be3f2 Re7d7
53.Re1f1 Kc8
54.Bf2g3 Kb8
55.Ng4e3 Bg7f6
56.Rf1g1 Ka7
57.Bg3f2 Bf6g7
58.Rg1e1 Kb8
59.Bf2g1 Kb7
60.Ne3c4 Bg7h8
61.Bg1f2 Kb8
62.Re1f1 Kb7
63.Bf2e3 Kb8
64.Be3g1 Kb7
65.Bg1f2 Ka8
66.Nc4b2 Rd7f7
67.Rf1h1 Ka7
68.Nb2c4 Rf7d7
69.Bf2e3 Kb7
{ draw }
1/2-1/2

[Event "1/64 Finale"]
[Site "www.chess-mail.com"]
[Date "2018.03.22"]
[Round "1"]
[White "Piekki"]
[Black "Mitja"]
[WhiteElo "2190"]
[BlackElo "2080"]
[Result "1-0"]
[Round "1"]
1.e4 d5
2.exd5 Qd8xd5
3.Nb1c3 Qd5d8
4.Ng1f3 e6
5.g3 c6
6.Bf1g2 h6
7.a3 Ng8f6
8.b4 Bf8e7
9.Bc1b2 Nb8d7
10.O-O Nd7b6
11.d3 O-O
12.Qd1e2 Nb6d5
13.Nc3e4 Nf6xe4
14.dxe4 Nd5f6
15.Rf1d1 Qd8c7
16.e5 Nf6h7
17.c4 Rf8d8
18.c5 Nh7g5
19.Nf3d2 b6
20.f4 Ng5h7
21.Nd2e4 Rd8xd1
22.Ra1xd1 Bc8b7
23.Ne4d6 Nh7f8
24.f5 exf5
25.Nd6xf5 Nf8e6
26.Nf5xe7 Qc7xe7
27.Rd1d6 Ra8c8
28.Qe2f2 b5
29.h4 a6
30.Bg2e4 Ne6f8
31.Qf2f3 Qe7e8
32.Qf3g4 Kh8
33.Rd6xh6 gxh6
34.e6 { resign }
1-0

[Event "1/64 Finale"]
[Site "www.chess-mail.com"]
[Date "2018.03.22"]
[Round "1"]
[White "Bojan"]
[Black "Add"]
[WhiteElo "1920"]
[BlackElo "2170"]
[Result "0-1"]
[Round "1"]
1.c4 d5
2.e3 dxc4
3.Bf1xc4 Ng8f6
4.f3 e5
5.Qd1b3 Qd8d7
6.Nb1c3 a6
7.a4 Bf8c5
8.Ng1e2 O-O
9.Ne2g3 Nb8c6
10.Nc3e4 Nf6xe4
11.Ng3xe4 Bc5e7
12.Qb3c3 Qd7f5
13.Ne4g3 Be7h4
14.Kf2 e4
15.Bc4e2 exf3
16.Be2xf3 Bc8d7
17.Ke2 Qf5g6
18.Bf3e4 Bd7g4
19.Kf1 Qg6e6
20.Be4f3 Bg4xf3
21.gxf3 Bh4f6
22.Qc3d3 Ra8d8
23.Qd3e2 Rf8e8
24.Kg2 Qe6d5
25.Rh1d1 Nc6d4
26.Qe2d3 Qd5xf3
27.Kh3 Qf3xd1
28.exd4 Bf6xd4
29.Qd3c4 Bd4e5
30.Ra1a3 Be5d6
31.Ra3c3 Qd1e1
32.d4 Bd6xg3
33.Rc3xg3 c6
34.Bc1f4 Qe1e6
35.Qc4xe6 Re8xe6
36.Bf4e3 Rd8d5
37.Be3f2 Re6e2
38.Bf2e3 Re2xb2
39.Be3h6 Rd5h5
40.Kg4 Rh5xh6
41.Kf4 Rb2b4
42.Ke4 Rb4xa4
43.h3 Rh6e6
44.Kf5 Ra4xd4
45.Rg3b3 Rd4d5
46.Kf4 b5
47.Rb3a3 c5
48.h4 c4
49.Ra3a1 c3
50.Ra1c1 b4
51.Rc1b1 a5
52.h5 h6
{ resign }
0-1

[Event "Fast Game"]
[Site "www.echecsemail.com"]
[Date "2018.03.22"]
[Round "1"]
[White "Picifarkinca"]
[Black "Pellix84"]
[WhiteElo "1770"]
[BlackElo "1610"]
[Result "1-0"]
[Round "1"]
1.d4 Ng8f6
2.Ng1f3 e6
3.c3 b6
4.g3 Bc8b7
5.Bf1g2 c5
6.O-O cxd4
7.Nf3xd4 Bb7xg2
8.Kxg2 e5
9.Nd4c2 h5
10.Bc1g5 Bf8e7
11.Nc2e3 Nf6e4
12.Bg5xe7 Qd8xe7
13.Qd1d5 Nb8c6
14.Qd5xe4 h4
15.Nb1d2 g6
16.Ne3d5 Qe7d6
17.Nd2c4 Qd6b8
18.Ra1d1 hxg3
19.hxg3 { time. }
1-0

[Event "Tourn. n9655"]
[Site "www.chess-mail.com"]
[Date "2018.03.23"]
[Round "1"]
[White "Prize64"]
[Black "Sahlapalat"]
[WhiteElo "2140"]
[BlackElo "2000"]
[Result "0-1"]
[Round "1"]
1.e4 c5
2.Nb1c3 Nb8c6
3.f4 e6
4.Bf1c4 a6
5.a4 d6
6.Ng1f3 Ng8f6
7.Bc4b3 Bf8e7
8.O-O O-O
9.d3 Ra8b8
10.Kh1 Qd8c7
11.Bc1e3 Rf8d8
12.Qd1e2 b5
13.f5 Nf6g4
14.Be3g1 b4
15.Nc3d1 Ng4e5
16.Nf3xe5 Nc6xe5
17.Nd1e3 Be7f6
18.fxe6 fxe6
19.Ne3g4 Ne5xg4
20.Qe2xg4 Qc7e7
21.Ra1b1 Kh8
22.Qg4g3 Bc8d7
23.Bg1e3 Rd8f8
24.Be3f4 e5
25.Bf4e3 Bf6h4
26.Rf1xf8 Rb8xf8
{ resign }
0-1

[Event "Tourn. n9758"]
[Site "www.chess-mail.com"]
[Date "2018.03.23"]
[Round "1"]
[White "Bigrezi"]
[Black "Esperanza"]
[WhiteElo "2290"]
[BlackElo "2040"]
[Result "0-1"]
[Round "1"]
1.e4 c5
2.Ng1f3 d6
3.d4 cxd4
4.Nf3xd4 Ng8f6
5.Nb1c3 e6
6.Bc1e3 Nb8c6
7.Bf1b5 Bc8d7
 { time }
0-1

[Event "Tourn. n9767"]
[Site "www.chess-mail.com"]
[Date "2018.03.23"]
[Round "1"]
[White "Reda"]
[Black "Gilliere"]
[WhiteElo "1960"]
[BlackElo "2050"]
[Result "0-1"]
[Round "1"]
1.d4 Ng8f6
2.Bc1f4 c5
3.dxc5 e6
4.Nb1c3 Bf8xc5
5.Nc3b5 Qd8a5
6.Nb5c3 Bc5b4
7.Bf4d2 Nb8c6
8.a3 Bb4xc3
9.Bd2xc3 Qa5f5
10.Ng1f3 d5
11.e3 a6
12.Bf1d3 Qf5g4
13.O-O Nf6e4
14.Bd3xe4 dxe4
15.h3 Qg4h5
16.Bc3xg7 Rh8g8
17.Nf3d2 Qh5xd1
18.Ra1xd1 Rg8xg7
19.Nd2xe4 Ke7
20.Rd1d2 b5
21.Ne4c5 Ra8a7
22.f3 Rg7g5
23.Rf1a1 Rg5xc5
24.c3 Ra7d7
25.Rd2e2 Rc5d5
26.e4 Rd5d1
27.Ra1xd1 Rd7xd1
{ resign }
0-1

[Event "Tourn. n9706"]
[Site "www.chess-mail.com"]
[Date "2018.03.23"]
[Round "1"]
[White "Attatroll"]
[Black "Osopanda"]
[WhiteElo "1940"]
[BlackElo "1840"]
[Result "1/2-1/2"]
[Round "1"]
1.e4 e5
2.Ng1f3 Nb8c6
3.Bf1b5 d6
4.O-O Bc8g4
5.d3 Ng8f6
6.h3 Bg4h5
7.Bc1e3 Bf8e7
8.Nb1c3 O-O
9.a3 Nc6d4
10.Be3xd4 exd4
11.Nc3d5 Nf6xd5
12.exd5 Be7f6
13.Qd1e1 Bh5xf3
14.gxf3 a6
15.Bb5c4 b5
16.Bc4a2 Rf8e8
17.Qe1d2 Qd8d7
18.Rf1e1 c5
19.dxc6 Qd7xc6
20.Kg2 h6
21.Ra1c1 Re8xe1
22.Rc1xe1 Bf6g5
23.Qd2b4 a5
24.Qb4b3 Ra8a7
25.Qb3d5 Qc6xd5
26.Ba2xd5 b4
27.Re1e8 Kh7
28.Bd5e4 g6
29.axb4 axb4
30.Re8a8 Ra7xa8
31.Be4xa8 f5
32.b3 Bg5d2
33.Ba8d5 g5
34.Kg3 h5
35.h4 Bd2f4
36.Kh3 g4
37.fxg4 fxg4
38.Kg2 Kg6
39.Bd5e4 Kf6
40.f3 gxf3
41.Kxf3 Bf4d2
42.Kg3 { draw }
1/2-1/2

[Event "Tourn. n9645"]
[Site "www.chess-mail.com"]
[Date "2018.03.23"]
[Round "1"]
[White "Claymil"]
[Black "Sahlapalat"]
[WhiteElo "2030"]
[BlackElo "1960"]
[Result "0-1"]
[Round "1"]
1.c4 c5
2.Nb1c3 Ng8f6
3.g3 g6
4.Bf1g2 Bf8g7
5.e3 Nb8c6
6.Ng1e2 O-O
7.O-O b6
8.d4 cxd4
9.exd4 Bc8b7
10.a3 d6
11.b4 Qd8d7
12.Bc1b2 e6
13.Rf1e1 Ra8c8
14.Ra1c1 Rf8d8
15.Qd1c2 Nc6e7
16.Qc2d3 Bb7xg2
17.Kxg2 Qd7c6
18.f3 Qc6xc4
19.Qd3e3 Ne7d5
20.Nc3xd5 Qc4xd5
21.Ne2f4 Qd5b7
22.h4 Nf6d5
23.Nf4xd5 Qb7xd5
24.Re1d1 Rc8xc1
25.Qe3xc1 Qd5b7
26.Rd1d3 Rd8c8
27.Qc1d2 Qb7d5
28.g4 Rc8c4
29.Kg3 h5
30.g5 b5
31.Kf2 Qd5c6
32.Ke3 Rc4c2
{ resign }
0-1

[Event "Tourn. n9684"]
[Site "www.chess-mail.com"]
[Date "2018.03.23"]
[Round "1"]
[White "Sahlapalat"]
[Black "Claymil"]
[WhiteElo "2090"]
[BlackElo "2040"]
[Result "1-0"]
[Round "1"]
1.d4 d5
2.c4 e6
3.Nb1c3 g6
4.Ng1f3 h6
5.e4 dxe4
6.Nc3xe4 Bf8g7
7.Bf1e2 Ng8e7
8.O-O b6
9.Ne4g3 O-O
10.Bc1e3 Bc8b7
11.Qd1d2 Kh7
12.Ra1d1 Nb8d7
13.Rf1e1 Ra8c8
14.h4 Ne7f5
15.Ng3xf5 exf5
16.h5 Nd7f6
17.Nf3e5 Nf6e4
18.Qd2c2 Qd8e7
19.g4 Bg7xe5
20.hxg6 fxg6
21.dxe5 Qe7xe5
22.Rd1d7 Kg8
23.Be3d4 Qe5f4
24.Rd7g7 Kh8
25.Rg7xc7 Kg8
26.Rc7g7 { resign }
1-0

[Event "Tourn. n9693"]
[Site "www.chess-mail.com"]
[Date "2018.03.23"]
[Round "1"]
[White "Sahlapalat"]
[Black "Falcoale"]
[WhiteElo "2050"]
[BlackElo "1940"]
[Result "1-0"]
[Round "1"]
1.d4 Ng8f6
2.c4 e6
3.Nb1c3 b6
4.e4 d6
5.Ng1f3 Bc8b7
6.Bf1d3 Bf8e7
7.O-O O-O
8.Rf1e1 Nb8d7
9.b3 Rf8e8
10.Bc1b2 Nd7f8
11.Qd1c2 Nf8g6
12.g3 d5
13.Ra1d1 Be7b4
14.cxd5 exd5
15.e5 Nf6e4
16.Nf3d2 Ne4xd2
17.Rd1xd2 Bb4e7
18.f4 c6
19.f5 Ng6f8
20.Rd2e2 c5
21.Nc3b5 a6
22.Nb5d6 Be7xd6
23.exd6 Re8xe2
24.Re1xe2 Qd8xd6
25.dxc5 bxc5
26.Bb2e5 Qd6b6
27.Be5a1 c4
28.Re2f2 cxd3
29.Qc2xd3 Ra8e8
30.Ba1d4 Qb6a5
31.Kg2 Nf8d7
32.f6 Nd7xf6
33.Qd3f5 Bb7c8
34.Qf5f3 Nf6e4
35.Qf3xf7 { resign }
1-0

[Event "Tourn. n9771"]
[Site "www.chess-mail.com"]
[Date "2018.03.23"]
[Round "1"]
[White "Bojan"]
[Black "Mitja"]
[WhiteElo "1950"]
[BlackElo "1950"]
[Result "0-1"]
[Round "1"]
1.e4 d5
2.exd5 Qd8xd5
3.Qd1f3 Qd5xf3
4.Ng1xf3 e6
5.d4 c6
6.Bf1d3 Ng8f6
7.O-O Bf8e7
8.b3 b6
9.Nb1d2 Bc8b7
10.c3 h6
11.Nd2e4 Nf6xe4
12.Bd3xe4 Nb8d7
13.h3 Nd7f6
14.Be4d3 Nf6d5
15.g3 Nd5xc3
16.Bc1b2 Nc3d5
17.Ra1c1 Nd5b4
18.Bd3b1 Bb7a6
19.Rf1e1 Ba6d3
20.a3 Bd3xb1
21.Rc1xb1 Nb4d3
22.Re1e3 Nd3xb2
23.Rb1xb2 Be7xa3
24.Rb2b1 Ba3e7
25.Nf3e5 c5
26.Re3e4 cxd4
27.Re4xd4 O-O
28.Ne5c6 Be7f6
29.Rd4d7 a5
30.Rd7b7 Bf6d8
31.Nc6xd8 Rf8xd8
32.Rb7xb6 a4
33.bxa4 Ra8xa4
34.Rb1b2 Ra4a1
35.Kg2 Ra1d1
36.Rb6b3 g5
37.Rb2e2 Rd1d2
38.Rb3e3 Rd2xe2
39.Re3xe2 Kg7
40.Kf3 Kg6
41.Re2e4 Rd8d6
42.Kg4 f5
{ resign }
0-1

[Event "Tourn. n9741"]
[Site "www.chess-mail.com"]
[Date "2018.03.23"]
[Round "1"]
[White "Mitja"]
[Black "Apdash"]
[WhiteElo "2080"]
[BlackElo "2220"]
[Result "1-0"]
[Round "1"]
1.d4 d5
2.e3 e6
3.c3 c5
4.dxc5 Bf8xc5
5.h3 Ng8f6
6.Nb1d2 Nb8c6
7.Nd2b3 Bc5d6
8.Ng1f3 O-O
9.Nf3d4 e5
10.Nd4xc6 bxc6
11.Bf1e2 c5
12.O-O c4
13.Nb3d2 Ra8b8
14.b3 cxb3
15.axb3 Qd8b6
16.c4 d4
17.exd4 Qb6xd4
18.Bc1a3 Bd6xa3
19.Ra1xa3 Bc8f5
20.Nd2f3 Qd4b2
21.Ra3xa7 Bf5c2
22.Qd1a1 Qb2xa1
23.Ra7xa1 e4
24.Nf3d4 Bc2xb3
25.Nd4xb3 Rb8xb3
26.Rf1b1 Rb3xb1
27.Ra1xb1 g6
28.c5 Rf8c8
29.Rb1c1 Kf8
30.c6 Nf6e8
31.Be2a6 Rc8c7
32.Ba6b5 Ne8d6
33.Bb5a4 Ke7
34.Kf1 f5
35.Ke2 Nd6e8
36.Ke3 Rc7a7
37.Ba4b5 Ne8c7
38.Bb5e2 g5
39.Rc1d1 Ra7a3
40.Kd4 Ra3a2
41.Be2f1 Ra2xf2
42.Ke5 Nc7e8
43.Rd1d7 Kf8
44.Bf1c4 Rf2c2
45.Rd7f7 Kg8
46.Bc4d5 Rc2c5
47.Rf7xf5 Kg7
48.Rf5xg5 Kf8
49.Kxe4 Ne8f6
50.Kd4 Rc5c1
51.Ke5 Nf6e8
52.Ke6 Rc1e1
53.Kd7 Ne8f6
54.Kd6 Nf6e8
55.Kc5 Re1c1
56.Kd4 Rc1d1
57.Ke5 Rd1e1
58.Bd5e4 Ne8c7
59.Kd6 Nc7e8
60.Ke5 Ne8c7
61.Rg5h5 { resign }
1-0

[Event "Tourn. n9727"]
[Site "www.chess-mail.com"]
[Date "2018.03.23"]
[Round "1"]
[White "Tevere"]
[Black "Ditto"]
[WhiteElo "2070"]
[BlackElo "1880"]
[Result "1-0"]
[Round "1"]
1.d4 d5
2.c4 c6
3.Ng1f3 Ng8f6
4.Nb1c3 Bc8f5
5.e3 e6
6.Bf1d3 Bf5g4
7.O-O Bf8b4
8.h3 Bg4h5
9.Bc1d2 O-O
10.Qd1b3 Bb4xc3
11.Bd2xc3 b6
12.Nf3e5 Qd8e8
13.Bc3b4 c5
14.dxc5 a5
15.Bb4a3 Qe8d8
16.cxb6 dxc4
17.Qb3xc4 Nf6d5
18.b7 Ra8a7
19.Ba3xf8 Kxf8
20.Qc4c5 Nd5e7
21.Qc5xa7 Ne7d5
22.Rf1c1 Nd5e7
23.Rc1c8 Qd8xc8
24.bxc8Q Ne7xc8
25.Qa7xb8 { resign }
1-0

[Event "Tourn. n9695"]
[Site "www.chess-mail.com"]
[Date "2018.03.23"]
[Round "1"]
[White "Osopanda"]
[Black "Sorim"]
[WhiteElo "1800"]
[BlackElo "2050"]
[Result "0-1"]
[Round "1"]
1.e4 e5
2.Ng1f3 Nb8c6
3.Bf1b5 d6
4.d4 exd4
5.Nf3xd4 Bc8d7
6.O-O Ng8f6
7.Nb1c3 Bf8e7
8.Rf1e1 O-O
9.f3 a6
10.Bb5e2 Nc6e5
11.Bc1e3 Nf6e8
12.Qd1d2 Ne5c6
13.Ra1d1 b5
14.Nc3d5 Nc6xd4
15.Be3xd4 Be7g5
16.f4 Bg5h6
17.g4 f6
18.g5 fxg5
19.Be2d3 gxf4
20.Qd2g2 f3
21.Qg2f2 c6
22.Nd5e3 c5
23.Bd4c3 Rf8f4
24.Ne3f1 Ne8f6
25.Nf1g3 Nf6g4
26.Qf2d2 f2
27.Kg2 fxe1Q
28.Rd1xe1 Rf4f2
29.Qd2xf2 Ng4xf2
30.Kxf2 Qd8g5
31.Ng3f5 Ra8f8
32.Re1g1 Qg5f4
33.Ke2 Bd7xf5
34.exf5 Rf8e8
{ resign }
0-1

[Event "Match"]
[Site "www.echecsemail.com"]
[Date "2018.03.23"]
[Round "1"]
[White "Mitja"]
[Black "Bojan"]
[WhiteElo "1950"]
[BlackElo "1950"]
[Result "1-0"]
[Round "1"]
1.d4 g6
2.e3 Bf8g7
3.c3 c6
4.Nb1d2 e6
5.Nd2b3 b6
6.Ng1f3 Qd8e7
7.Bf1e2 Bc8b7
8.Nb3d2 c5
9.dxc5 Qe7xc5
10.Nd2b3 Qc5c7
11.h3 Nb8c6
12.O-O Nc6e5
13.Nf3xe5 Qc7xe5
14.Be2f3 Bb7xf3
15.Qd1xf3 Ra8b8
16.Nb3d4 Ng8f6
17.b3 O-O
18.Bc1a3 Rf8c8
19.Ba3b2 Qe5a5
20.c4 Qa5g5
21.Ra1d1 e5
22.Nd4b5 a6
23.Nb5d6 Rc8c6
24.Nd6e4 Nf6xe4
25.Qf3xe4 Rc6c7
26.Rd1d5 f5
27.Qe4d3 Rb8d8
28.Rd5d6 Rc7c6
29.Rd6xd7 Rc6c8
30.Qd3d5 Kh8
31.Rf1d1 Rd8e8
32.Qd5b7 Qg5h6
33.Qb7xb6 Rc8b8
34.Qb6xa6 Bg7f6
35.Qa6xf6 Kg8
36.Bb2xe5 Re8xe5
37.Qf6xe5 Rb8f8
38.Rd7d8 { resign }
1-0

[Event "Match"]
[Site "www.echecsemail.com"]
[Date "2018.03.23"]
[Round "1"]
[White "Pwain"]
[Black "Gidi5"]
[WhiteElo "2530"]
[BlackElo "2260"]
[Result "1-0"]
[Round "1"]
1.e4 e6
2.Ng1f3 d5
3.e5 c5
4.b4 cxb4
5.a3 Nb8c6
6.axb4 Bf8xb4
7.c3 Bb4e7
8.d4 Bc8d7
9.Bf1d3 b5
10.O-O Nc6a5
11.Nf3g5 Be7xg5
12.Bc1xg5 Qd8xg5
13.Ra1xa5 Qg5d8
14.Ra5a2 Ng8h6
15.Nb1d2 a5
16.Nd2b3 Qd8c7
17.Nb3c5 Bd7c6
18.Qd1e2 Qc7b6
19.Rf1b1 Ra8b8
20.Ra2b2 b4
21.cxb4 axb4
22.Nc5a6 Rb8d8
23.Rb2xb4 Qb6a7
24.Na6b8 Bc6a8
25.Bd3b5 Ke7
26.Nb8c6 Ba8xc6
27.Bb5xc6 Qa7a5
28.Rb4a4 Qa5c3
29.Qe2b5 g6
30.Qb5b6 Rd8g8
31.Ra4a7 Kf8
32.Qb6d8 { resign }
1-0

[Event "Match"]
[Site "www.echecsemail.com"]
[Date "2018.03.23"]
[Round "1"]
[White "Fegatux"]
[Black "Chapi"]
[WhiteElo "2320"]
[BlackElo "2130"]
[Result "1-0"]
[Round "1"]
1.d4 d5
2.c4 Ng8f6
3.g3 c6
4.Bf1g2 g6
5.Ng1f3 Bf8g7
6.O-O O-O
7.Nb1c3 Bc8f5
8.Qd1b3 dxc4
9.Qb3xb7 Nb8d7
10.Qb7xc6 Qd8b6
11.Qc6xc4 Ra8c8
12.Qc4b5 Qb6xb5
13.Nc3xb5 a6
14.Nb5c3 Rf8d8
15.Nf3h4 Bf5c2
16.Bg2b7 Rc8c4
17.e3 a5
18.Bb7a6 Rc4c6
19.Ba6b5 Rc6b6
20.a4 Bc2b3
21.e4 Nf6e8
22.Ra1a3 Bb3c2
23.Nc3d5 Rb6e6
24.e5 Nd7b6
25.Nd5xb6 Re6xb6
26.Ra3c3 Bc2e4
27.f3 Be4b7
28.Bc1e3 Rd8c8
29.Rc3xc8 Bb7xc8
30.Bb5xe8 { resign }
1-0

[Event "Match"]
[Site "www.echecsemail.com"]
[Date "2018.03.23"]
[Round "1"]
[White "Pellix84"]
[Black "Apdash"]
[WhiteElo "2090"]
[BlackElo "2220"]
[Result "1-0"]
[Round "1"]
1.d4 d5
2.c4 Ng8f6
3.Nb1c3 e6
4.Bc1g5 dxc4
5.e4 h6
6.Bg5xf6 Qd8xf6
7.e5 Qf6d8
8.Bf1xc4 Nb8c6
9.Ng1e2 a6
10.O-O b5
11.Bc4b3 Bc8b7
12.a3 b4
13.axb4 Bf8xb4
14.Nc3e4 Nc6a5
15.Bb3a4 c6
16.Qd1d3 Qd8b6
17.Rf1d1 O-O
18.Qd3g3 Kh8
19.Qg3h4 Qb6c7
20.Rd1d3 Qc7e7
21.Ne4f6 c5
22.Rd3h3 cxd4
23.Ba4c2 Bb4d6
24.Qh4xh6 gxh6
25.Rh3xh6 { resign }
1-0

[Event "Match"]
[Site "www.echecsemail.com"]
[Date "2018.03.23"]
[Round "1"]
[White "Raulazo"]
[Black "Irene"]
[WhiteElo "1820"]
[BlackElo "2030"]
[Result "1-0"]
[Round "1"]
1.e4 e5
2.Ng1f3 d6
3.d4 exd4
4.Nf3xd4 g6
5.Bf1c4 Bf8g7
6.Qd1f3 d5
7.Bc4xd5 Ng8f6
8.O-O Nf6xd5
9.exd5 Bg7xd4
10.Rf1e1 Kf8
11.Bc1h6 Kg8
12.Qf3e4 Bd4xf2
13.Kxf2 Bc8d7
14.Qe4d4 f6
15.Qd4c4 b5
16.Qc4d4 Kf7
17.d6 g5
18.Re1e7 Kg6
19.Bh6g7 Rh8g8
20.Qd4xf6 Kh5
21.Qf6h6 Kg4
22.Qh6h3 Kf4
23.g3 { resign }
1-0

[Event "Match"]
[Site "www.echecsemail.com"]
[Date "2018.03.23"]
[Round "1"]
[White "Gilliere"]
[Black "Billyg"]
[WhiteElo "2060"]
[BlackElo "1660"]
[Result "1-0"]
[Round "1"]
1.e4 e5
2.Ng1f3 d6
3.d4 f6
4.d5 Bc8g4
5.Bf1e2 Nb8d7
6.Nb1c3 a6
7.b3 Qd8e7
8.Bc1b2  { time }
1-0

[Event "Match"]
[Site "www.echecsemail.com"]
[Date "2018.03.23"]
[Round "1"]
[White "Darknight"]
[Black "Gambitmiau"]
[WhiteElo "1780"]
[BlackElo "1930"]
[Result "0-1"]
[Round "1"]
1.e4 Nb8c6
2.a3 a6
3.Bf1c4 e6
4.c3 b5
5.Bc4a2 Bf8c5
6.Ng1f3 Ng8e7
7.d3 Bc8b7
8.d4 Bc5a7
9.Bc1e3 Nc6xd4
10.cxd4 Bb7xe4
11.Nb1c3 Be4xf3
12.Qd1xf3 Ne7f5
13.Qf3e4 O-O
14.O-O-O d5
15.Ba2xd5 Nf5xe3
16.fxe3 exd5
17.Nc3xd5 Rf8e8
18.Qe4f3 c6
19.Nd5b4 Qd8b6
20.Nb4xc6 Ra8c8
21.d5 Re8xe3
22.Qf3g4 Rc8e8
23.Kb1 h6
24.Qg4d7 a5
25.Nc6xa7 Re3e7
26.Na7c8 Qb6g6
27.Ka1 Re7xd7
28.Nc8b6 Qg6xb6
29.h4 Re8e5
30.g4 Rd7xd5
31.Rd1b1 Rd5d3
32.h5 Qb6d4
33.Rh1g1 Rd3xa3

0-1

[Event "Tourn. n9771"]
[Site "www.chess-mail.com"]
[Date "2018.03.24"]
[Round "1"]
[White "Gilliere"]
[Black "Bojan"]
[WhiteElo "2070"]
[BlackElo "1920"]
[Result "1-0"]
[Round "1"]
1.e4 g6
2.d4 Bf8g7
3.e5 d6
4.exd6 cxd6
5.Ng1f3 a6
6.Nb1c3 e6
7.Bf1d3 b5
8.a3 Bc8b7
9.Bc1e3 Nb8d7
10.O-O Ng8h6
11.h3 O-O
12.Bd3e4 Bb7xe4
13.Nc3xe4 Nh6f5
14.c3 Nf5xe3
15.fxe3 Ra8c8
16.Ne4xd6 Rc8c6
17.Nd6e4 f5
18.Ne4f2 Qd8e7
19.Nf2d3 Nd7b6
20.Nd3b4 Rc6d6
21.Nb4xa6 Nb6c4
22.Na6b4 Nc4xe3
23.Qd1e2 Ne3xf1
24.Kxf1 Rf8b8
25.a4 Rd6a6
26.Nb4xa6 Rb8b6
27.axb5 Qe7e8
28.Na6c7 Qe8d7
29.Ra1a8 Kf7
30.Ra8a7 Kf6
31.Qe2e5 Kf7
32.Qe5c5 { resign }
1-0

[Event "Tourn. n9776"]
[Site "www.chess-mail.com"]
[Date "2018.03.24"]
[Round "1"]
[White "Reda"]
[Black "Bojan"]
[WhiteElo "1840"]
[BlackElo "1980"]
[Result "0-1"]
[Round "1"]
1.d4 g6
2.Bc1f4 Bf8g7
3.Nb1c3 c6
4.Ng1f3 Ng8f6
5.d5 Qd8a5
6.dxc6 dxc6
7.e3 Nf6d5
8.Bf4e5 Nd5xc3
9.Be5xc3 Bg7xc3
10.bxc3 Qa5xc3
11.Nf3d2 Bc8f5
12.Ra1c1 Nb8d7
13.Bf1e2 O-O
14.O-O Ra8d8
15.e4 Bf5e6
16.Nd2b3 Nd7f6
17.Qd1e1 Nf6xe4
18.Qe1xc3 Ne4xc3
19.Be2d3 b6
20.a3 c5
21.Nb3d2 Rd8c8
22.Bd3a6 Rc8c7
23.Rf1e1 Be6f5
24.Ba6d3 Bf5c8
25.Re1e3 Nc3d5
26.Re3e2 Nd5f4
27.Re2e1 Rf8d8
28.Bd3c4 Rd8xd2
29.Bc4b3 Nf4e2
30.Re1xe2 Rd2xe2
31.Rc1d1 Rc7d7
32.Rd1a1 Rd7d6
33.h3 a6
{ resign }
0-1

[Event "Tourn. n9736"]
[Site "www.chess-mail.com"]
[Date "2018.03.24"]
[Round "1"]
[White "Julian"]
[Black "Louis"]
[WhiteElo "1830"]
[BlackElo "1990"]
[Result "1-0"]
[Round "1"]
1.e4 e6
2.d4 d5
3.Nb1d2 Ng8f6
4.e5 Nf6d7
5.Ng1f3 c5
6.c3 Nb8c6
7.Bf1b5 Qd8b6
8.Bb5d3 cxd4
9.cxd4 Nc6xd4
10.Nf3xd4 Qb6xd4
11.Nd2f3 Qd4b4
12.Bc1d2 Qb4xb2
13.O-O Nd7c5
14.Bd3c2 Bf8e7
15.Bd2e3 b6
16.a4 Bc8a6
17.Rf1e1 Nc5e4
18.Bc2xe4 dxe4
19.Nf3d4 Ba6d3
20.Nd4c6 Be7c5
21.Be3xc5 bxc5
22.Qd1c1 Qb2b6
23.Qc1g5 Ra8c8
24.Qg5e7 { resign }
1-0

[Event "Tourn. n9763"]
[Site "www.chess-mail.com"]
[Date "2018.03.24"]
[Round "1"]
[White "Gilliere"]
[Black "Louis"]
[WhiteElo "2060"]
[BlackElo "2000"]
[Result "1-0"]
[Round "1"]
1.e4 c5
2.Ng1f3 d6
3.d4 cxd4
4.Nf3xd4 Ng8f6
5.Nb1c3 g6
6.Bc1e3 Bf8g7
7.h3 O-O
8.Bf1d3 Nb8c6
9.Nd4xc6 bxc6
10.O-O d5
11.exd5 Nf6xd5
12.Nc3xd5 cxd5
13.c3 Qd8d6
14.Qd1f3 Bc8b7
15.Qf3e2 e5
16.Be3g5 f5
17.Qe2d2 f4
18.f3 Qd6c5
19.Kh1 e4
20.fxe4 dxe4
21.Bd3c2 Qc5xg5
22.Bc2b3 Kh8
23.Rf1g1 Ra8d8
24.Qd2c2 e3
25.Ra1d1 Qg5g3
26.Qc2e2 { resign }
1-0

[Event "Tourn. n9692"]
[Site "www.chess-mail.com"]
[Date "2018.03.24"]
[Round "1"]
[White "Seger"]
[Black "Greghghs"]
[WhiteElo "2770"]
[BlackElo "2620"]
[Result "1-0"]
[Round "1"]
1.e4 c6
2.d4 d5
3.Nb1c3 dxe4
4.Nc3xe4 Bc8f5
5.Ne4g3 Bf5g6
6.c3 e6
7.Ng1f3 Nb8d7
8.Bf1d3 Ng8f6
9.O-O Bf8d6
10.Bd3xg6 hxg6
11.Bc1g5 Qd8c7
12.Rf1e1 O-O-O
13.Qd1e2 Rd8e8
14.Nf3e5 Re8f8
15.h3 Kb8
16.Ra1d1 Ka8
17.c4 Nf6h7
18.Bg5d2 Nh7f6
19.Bd2c3 Rh8h7
20.a4 Nf6h5
21.Ng3e4 Nd7xe5
22.Ne4xd6 Ne5d3
23.Qe2xd3 Qc7xd6
24.d5 exd5
25.cxd5 Rh7h8
26.Qd3c4 Rf8c8
27.dxc6 Qd6xc6
28.Qc4xf7 Rh8f8
29.Qf7d7 Qc6c5
30.Rd1d4 Qc5f5
31.f3 Nh5f6
32.Qd7xg7 { resign }
1-0